Bronny James quiz - Statistics

General Stats
  • This quiz has been taken 64 times
  • The average score is 8 of 13
Answer Stats
Hint Answer % Correct
jersey number (if you get this wrong you ride short bus) 9
100%
players all time better than Bronny 1
98%
father LeBron James
96%
career high (NBA) 17
92%
Career High (G-league) 39
78%
pick in NBA draft 55
76%
college USC
71%
mother Savannah James
69%
the slow, dense, heartless, dull-headed analyst that criticized Bronny Stephen A. Smith
67%
Bronny Middle Name Raymone
35%
Bronny GF Parker Whitfield
18%
date when he was born (xx-xx-xx) 10-6-04
16%
NBA debut opponent Charlotte Hornets
8%
No matching quizzes found
Score Distribution
Percent of People with Each Score
Percentile by Number Answered
Your Score History
You have not taken this quiz